Départements français par orientation politique - Statistiques

Statistiques générales
  • Ce quiz a été pris 24 fois
  • Le résultat moyen est 53 sur 96
Réponses sur la Carte
Les réponses sont colorées sur une échelle allant du rouge au vert en fonction du pourcentage des utilisateurs qui les ont devinées à leur premier essai. Vous pouvez retrouver ces pourcentages ci-dessous.
 
Statistiques - réponses
Différence droite-gauche Nom du département % Correct
+24,38 % Pas-de-Calais
79%
+29,04 % Var
79%
+29,33 % Aisne
74%
+24,53 % Alpes-Maritimes
74%
+26,45 % Aube
74%
+28,24 % Corse-du-Sud
74%
+19,43 % Eure
74%
+26,79 % Haute-Corse
74%
+29,66 % Haute-Marne
74%
+24,98 % Haute-Saône
74%
+21,46 % Marne
74%
+27,45 % Meuse
74%
+18,85 % Oise
74%
+17,68 % Orne
74%
+18,53 % Somme
74%
+21,41 % Vosges
74%
+24,53 % Ardennes
68%
+15,68 % Cantal
68%
+16,61 % Eure-et-Loir
68%
+16,30 % Haute-Loire
68%
+17,42 % Haut-Rhin
68%
+16,65 % Moselle
68%
+19,27 % Pyrénées-Orientales
68%
+16,54 % Vaucluse
68%
+20,11 % Yonne
68%
+15,55 % Ain
63%
+15,17 % Indre
63%
+16,05 % Loir-et-Cher
63%
+8,05 % Nord
63%
-35,64 % Seine-Saint-Denis
63%
+15,23 % Tarn-et-Garonne
63%
+13,96 % Allier
58%
+9,30 % Alpes-de-Haute-Provence
58%
+14,64 % Aude
58%
+12,37 % Bas-Rhin
58%
+10,32 % Bouches-du-Rhône
58%
+8,53 % Charente
58%
+10,03 % Charente-Maritime
58%
+14,63 % Cher
58%
+10,38 % Côte-d'Or
58%
+8,11 % Creuse
58%
+7,92 % Dordogne
58%
+9,40 % Doubs
58%
+13,65 % Gard
58%
+10,97 % Jura
58%
+9,85 % Loire
58%
+11,63 % Loiret
58%
+14,76 % Lot-et-Garonne
58%
+9,98 % Manche
58%
+9,32 % Mayenne
58%
+9,34 % Meurthe-et-Moselle
58%
+14,33 % Nièvre
58%
-21,11 % Paris
58%
+14,94 % Saône-et-Loire
58%
+12,16 % Sarthe
58%
+12,48 % Territoire de Belfort
58%
+12,67 % Vendée
58%
+7,46 % Haute-Savoie
53%
+7,79 % Lozère
53%
+7,16 % Seine-Maritime
53%
+7,14 % Tarn
53%
+7,08 % Ardèche
47%
+6,90 % Corrèze
47%
+7,05 % Gers
47%
+6,69 % Landes
47%
+6,72 % Savoie
47%
-16,79 % Val-de-Marne
47%
-10,23 % Val-d'Oise
47%
-2,02 % Ariège
42%
+4,22 % Aveyron
42%
+6,38 % Calvados
42%
+6,13 % Drôme
42%
-5,40 % Essonne
42%
-4,88 % Finistère
42%
-9,93 % Hauts-de-Seine
42%
+6,59 % Hérault
42%
+5,03 % Morbihan
42%
+0,23 % Côtes-d'Armor
37%
+4,15 % Deux-Sèvres
37%
+0,91 % Gironde
37%
-7,11 % Haute-Garonne
37%
+3,67 % Hautes-Alpes
37%
+3,56 % Hautes-Pyrénées
37%
+0,65 % Haute-Vienne
37%
-7,52 % Ille-et-Vilaine
37%
+3,24 % Indre-et-Loire
37%
+2,31 % Isère
37%
-8,23 % Loire-Atlantique
37%
-2,62 % Lot
37%
+2,47 % Maine-et-Loire
37%
+1,36 % Puy-de-Dôme
37%
-0,63 % Pyrénées-Atlantiques
37%
-3,36 % Rhône
37%
+4,40 % Seine-et-Marne
37%
+2,73 % Vienne
37%
+0,49 % Yvelines
37%
Aucun quiz correspondant
Distribution des résultats
% des personnes avec chaque résultat
Percentile par nombre de réponses
Votre historique - résultats
Vous n’avez pas pris ce quiz